[Event "Euskadi-ch"]
[Site "Zornotza"]
[Date "2011.04.25"]
[Round "3"]
[White "Irure Crespo, Egoitz"]
[Black "Agirretxe San Sebastian, Jesus Maria"]
[Result "0-1"]
[WhiteElo "2000"]
[BlackElo "2165"]
[PlyCount "74"]
[EventDate "2011.04.23"]
[EventType "swiss"]
[EventRounds "7"]
[EventCountry "ESP"]
[SourceTitle "EXT 2018"]
[Source "ChessBase"]
[SourceDate "2017.10.13"]
[SourceVersion "1"]
[SourceVersionDate "2017.10.13"]
[SourceQuality "1"]

1. d4 Nf6 2. Nf3 e6 3. Bf4 c5 4. c3 Nc6 5. e3 Be7 6. Bd3 d5 7. Ne5 Qb6 8. Qb3 Nxe5 9. Bxe5 Qxb3 10. axb3 Bd7 11. Na3 a6 12. Nb5 0-0 13. Nd6 Bc6 14. dxc5 Nd7 15. Bg3 Nxc5 16. Bc2 f5 17. c4 f4 18. Bxf4 Rxf4 19. exf4 Bxd6 20. b4 Ne4 21. b5 Bd7 22. bxa6 bxa6 23. cxd5 exd5 24. Bxe4 dxe4 25. 0-0-0 Bxf4+ 26. Kb1 Bb5 27. g3 Bd3+ 28. Ka2 Bc7 29. Rhe1 Ba5 30. Re3 Bb6 31. Ree1 Bxf2 32. Rh1 Rb8 33. g4 Bc4+ 34. Ka1 e3 35. Rd4 Bb5 36. Rf4 Rf8 37. Rxf8+ Kxf8 0-1

[Event "Euskadi-ch"]
[Site "Zornotza"]
[Date "2011.04.23"]
[Round "1"]
[White "Agirretxe San Sebastian, Jesus Maria"]
[Black "Gomez Esteban, Juan Mario"]
[Result "0-1"]
[WhiteElo "2165"]
[BlackElo "2477"]
[PlyCount "84"]
[EventDate "2011.04.23"]
[EventType "swiss"]
[EventRounds "7"]
[EventCountry "ESP"]
[SourceTitle "EXT 2018"]
[Source "ChessBase"]
[SourceDate "2017.10.13"]
[SourceVersion "1"]
[SourceVersionDate "2017.10.13"]
[SourceQuality "1"]

1. d4 d5 2. Nf3 Nf6 3. c4 c6 4. Qc2 dxc4 5. Qxc4 Bf5 6. e3 e6 7. Be2 Nbd7 8. 0-0 Bd6 9. Bd2 Qe7 10. Nc3 0-0 11. Nh4 Bg4 12. e4 b5 13. Qxc6 b4 14. Bxg4 bxc3 15. Bg5 cxb2 16. Rab1 h6 17. Bxf6 Nxf6 18. Bf3 Rac8 19. Qa6 Nxe4 20. Rxb2 Bxh2+ 21. Kxh2 Qxh4+ 22. Kg1 Ng5 23. Bb7 Qxd4 24. Rfb1 Rc4 25. Rd2 Qxd2 26. Qxc4 Rd8 27. a4 g6 28. Qc7 a5 29. Qb6 Rd4 30. Bc6 Kg7 31. Qb8 Qf4 32. g3 Qxb8 33. Rxb8 Rc4 34. Rb6 Ne4 35. Ra6 Nc3 36. Be8 Kf8 37. Ra8 Ke7 38. Kg2 Nxa4 39. Bb5 Rb4 40. Rxa5 Nc5 41. Ra7+ Kf6 42. Bc6 Rb6 0-1

[Event "Euskadi-chT"]
[Site "Bergara"]
[Date "2010.02.27"]
[Round "7.5"]
[White "Agirretxe San Sebastian, Jesus Maria"]
[Black "Navarrete Delgado, Sergio"]
[Result "0-1"]
[WhiteElo "2153"]
[BlackElo "2227"]
[PlyCount "106"]
[EventDate "2010.01.09"]
[EventType "team-tourn"]
[EventRounds "9"]
[EventCountry "ESP"]
[SourceTitle "EXT 2011"]
[Source "ChessBase"]
[SourceDate "2010.11.26"]
[SourceVersion "1"]
[SourceVersionDate "2010.11.26"]
[SourceQuality "1"]

1. d4 d5 2. c4 c6 3. cxd5 cxd5 4. Nc3 Nf6 5. Nf3 Nc6 6. Bf4 a6 7. e3 Bg4 8. Be2 e6 9. 0-0 Be7 10. Rc1 0-0 11. Ne5 Nxe5 12. Bxe5 Bxe2 13. Qxe2 Nd7 14. Bg3 Rc8 15. e4 dxe4 16. Qxe4 Qb6 17. d5 Nc5 18. Qe2 Bf6 19. dxe6 Nxe6 20. Nd5 Nd4 21. Nxf6+ Qxf6 22. Qg4 Rxc1 23. Rxc1 h6 24. h3 Nc6 25. Qe2 Rd8 26. b3 Qf5 27. Kh2 Qd5 28. Bf4 Qf5 29. Qg4 Qxg4 30. hxg4 Rd4 31. Kg3 Rd3+ 32. Be3 f6 33. Kf3 Rd7 34. Rc2 Ne5+ 35. Kg3 Kf7 36. Rc8 Ke6 37. Bf4 Nd3 38. Be3 Nb4 39. a3 Nc6 40. b4 Ne7 41. Rc4 Nc6 42. a4 Rd5 43. f4 Rd3 44. Re4+ Kd5 45. Re8 Nxb4 46. Kh4 Kc6 47. a5 Nd5 48. Bc1 Rd1 49. Rc8+ Kd7 50. Rc4 Ne7 51. Ba3 g5+ 52. fxg5 hxg5+ 53. Kg3 Rd3+ 0-1

[Event "Euskadi-chT (Vasca) Div 1st"]
[Site "Euskadi"]
[Date "2010.02.13"]
[Round "1.1"]
[White "Nava Pereda, Carlos"]
[Black "Agirretxe San Sebastian, Jesus Maria"]
[Result "1/2-1/2"]
[WhiteElo "2254"]
[BlackElo "2153"]
[PlyCount "36"]
[EventDate "2010.01.09"]
[EventType "team-tourn"]
[EventRounds "9"]
[EventCountry "ESP"]
[SourceTitle "EXT 2024"]
[Source "ChessBase"]
[SourceDate "2023.10.10"]
[SourceVersion "1"]
[SourceVersionDate "2023.10.10"]
[SourceQuality "1"]

1. d4 e6 2. c4 Nf6 3. Nc3 Bb4 4. Qc2 0-0 5. a3 Bxc3+ 6. Qxc3 b6 7. Bg5 Bb7 8. f3 h6 9. Bh4 d5 10. e3 Nbd7 11. cxd5 Nxd5 12. Bxd8 Nxc3 13. Be7 Rfe8 14. Bb4 Nd5 15. Bd2 e5 16. dxe5 Nxe5 17. 0-0-0 f5 18. Nh3 Rad8 1/2-1/2

[Event "Euskadi-chT"]
[Site "Bergara"]
[Date "2010.02.06"]
[Round "5"]
[White "Agirretxe San Sebastian, Jesus Maria"]
[Black "Diaz Herrero, Alvaro"]
[Result "1-0"]
[WhiteElo "2153"]
[BlackElo "2143"]
[PlyCount "85"]
[EventDate "2010.01.09"]
[EventType "team-tourn"]
[EventRounds "9"]
[EventCountry "ESP"]
[SourceTitle "EXT 2011"]
[Source "ChessBase"]
[SourceDate "2010.11.26"]
[SourceVersion "1"]
[SourceVersionDate "2010.11.26"]
[SourceQuality "1"]

1. d4 Nf6 2. Nf3 c5 3. c4 cxd4 4. Nxd4 e5 5. Nb5 d5 6. cxd5 Bc5 7. N5c3 0-0 8. h3 Bf5 9. e3 Qe7 10. Bc4 e4 11. a3 Nbd7 12. b4 Bd6 13. Bb2 Nb6 14. Bb3 Rfd8 15. Qe2 Be5 16. 0-0 Nbxd5 17. Rd1 Nb6 18. Nb5 Rd3 19. Bxe5 Qxe5 20. Nd4 Bg6 21. Bc2 Bh5 22. g4 Rxd1+ 23. Bxd1 Bg6 24. Nd2 Qg5 25. Rc1 Nbd7 26. Qb5 Qxb5 27. Nxb5 Ne5 28. Nxa7 h5 29. Rc8+ Rxc8 30. Nxc8 hxg4 31. hxg4 Kf8 32. Nd6 b6 33. g5 Nd5 34. N6xe4 f5 35. gxf6 Nxf6 36. Nxf6 gxf6 37. f4 Nd7 38. e4 Ke7 39. Kf2 Bf7 40. Ke3 Kd6 41. Kd4 b5 42. Be2 Kc6 43. Nb1 1-0

[Event "Euskadi-chT"]
[Site "Bergara"]
[Date "2010.01.30"]
[Round "4.2"]
[White "Agirretxe San Sebastian, Jesus Maria"]
[Black "Arnaez Gil, Juan Ignacio"]
[Result "1/2-1/2"]
[WhiteElo "2153"]
[BlackElo "2242"]
[PlyCount "21"]
[EventDate "2010.01.09"]
[EventType "team-tourn"]
[EventRounds "9"]
[EventCountry "ESP"]
[SourceTitle "EXT 2011"]
[Source "ChessBase"]
[SourceDate "2010.11.26"]
[SourceVersion "1"]
[SourceVersionDate "2010.11.26"]
[SourceQuality "1"]

1. d4 d5 2. c4 c6 3. cxd5 cxd5 4. Nc3 Nc6 5. e4 Nf6 6. e5 Ne4 7. Nf3 e6 8. Bd3 Bb4 9. Bd2 Nxd2 10. Qxd2 0-0 11. 0-0 1/2-1/2

[Event "Gipuzkoa-ch"]
[Site "Zarautz"]
[Date "2009.10.24"]
[Round "1"]
[White "Etxagibel Larranaga, Asier"]
[Black "Agirretxe San Sebastian, Jesus Maria"]
[Result "1/2-1/2"]
[WhiteElo "1916"]
[BlackElo "2162"]
[PlyCount "91"]
[EventDate "2009.10.24"]
[EventType "swiss"]
[EventRounds "7"]
[EventCountry "ESP"]
[SourceTitle "EXT 2012"]
[Source "ChessBase"]
[SourceDate "2011.11.24"]
[SourceVersion "1"]
[SourceVersionDate "2011.11.24"]
[SourceQuality "1"]

1. d4 d5 2. c4 c6 3. Nf3 Nf6 4. cxd5 cxd5 5. Nc3 Nc6 6. Bf4 Bf5 7. e3 e6 8. Qb3 Bb4 9. Bb5 0-0 10. Bxc6 Bxc3+ 11. Qxc3 bxc6 12. 0-0 Qb6 13. Nd2 Rfc8 14. Rfc1 a5 15. f3 a4 16. Bd6 h5 17. b3 Qb5 18. Kf2 Ra6 19. a3 h4 20. bxa4 Rxa4 21. Bb4 Qb8 22. Kg1 Qb5 23. Kf2 Bd3 24. Nb3 Bc4 25. Na5 Qb8 26. Nxc4 dxc4 27. Kg1 Nd5 28. Qc2 Qb5 29. Qxc4 Qxc4 30. Rxc4 Nxe3 31. Rcc1 Nf5 32. Rc4 Rd8 33. Rxc6 Rxd4 34. Re1 Rd3 35. Kf2 Ra8 36. Rc4 Rb3 37. Re2 Kh7 38. g3 hxg3+ 39. hxg3 Rd3 40. g4 Nd6 41. Rc5 Kg6 42. Re3 Rd1 43. Re1 Rd3 44. f4 Ra6 45. Rg5+ Kf6 46. Re3 1/2-1/2

[Event "Euskadi-ch"]
[Site "Zornotza"]
[Date "2009.04.15"]
[Round "3"]
[White "Agirretxe San Sebastian, Jesus Maria"]
[Black "Lopez Rojas, Salvador"]
[Result "1/2-1/2"]
[WhiteElo "2173"]
[BlackElo "1798"]
[PlyCount "81"]
[EventDate "2009.04.13"]
[EventType "swiss"]
[EventRounds "7"]
[EventCountry "ESP"]
[SourceTitle "EXT 2010"]
[Source "ChessBase"]
[SourceDate "2010.11.25"]
[SourceVersion "1"]
[SourceVersionDate "2010.11.25"]
[SourceQuality "1"]

1. c4 Nf6 2. Nc3 d5 3. cxd5 Nxd5 4. g3 c6 5. Bg2 e6 6. Nf3 Nd7 7. 0-0 Be7 8. d4 0-0 9. e4 Nxc3 10. bxc3 c5 11. Bf4 Nf6 12. Ne5 Qa5 13. Qb3 Nh5 14. Be3 h6 15. Rfd1 Qc7 16. Nc4 g5 17. Rd2 Rb8 18. a4 b6 19. d5 exd5 20. exd5 Bd6 21. Nxd6 Qxd6 22. c4 f5 23. Rdd1 f4 24. Bc1 Bg4 25. Re1 fxg3 26. hxg3 Qf6 27. Qb2 Rbe8 28. Rxe8 Rxe8 29. Qxf6 Re1+ 30. Bf1 Nxf6 31. Bb2 Rxa1 32. Bxa1 Kf7 33. Be5 Bd1 34. Bb8 Bxa4 35. Bxa7 Nd7 36. Bh3 Ke7 37. Bxd7 Kxd7 38. Bxb6 Kd6 39. Ba7 Bb3 40. Bb8+ Kd7 41. Be5 1/2-1/2

[Event "Euskadi-ch"]
[Site "Zornotza"]
[Date "2008.03.27"]
[Round "4"]
[White "Alcaide Luque, Aitor"]
[Black "Agirretxe San Sebastian, Jesus Maria"]
[Result "1/2-1/2"]
[WhiteElo "2169"]
[BlackElo "2182"]
[PlyCount "30"]
[EventDate "2008.03.24"]
[EventType "swiss"]
[EventRounds "7"]
[EventCountry "ESP"]
[SourceTitle "CBM 123 Extra"]
[Source "ChessBase"]
[SourceDate "2008.05.06"]
[SourceVersion "1"]
[SourceVersionDate "2008.05.06"]
[SourceQuality "1"]

1. d4 d5 2. c4 c6 3. Nc3 Nf6 4. cxd5 cxd5 5. Nf3 Nc6 6. Bf4 Bf5 7. a3 e6 8. e3 Bd6 9. Bxd6 Qxd6 10. Bd3 Bxd3 11. Qxd3 0-0 12. 0-0 Rfc8 13. Rac1 Na5 14. Ne5 a6 15. Na4 b5 1/2-1/2

[Event "Euskadi-ch"]
[Site "Zornotza"]
[Date "2008.03.26"]
[Round "3"]
[White "Nava Pereda, Carlos"]
[Black "Agirretxe San Sebastian, Jesus Maria"]
[Result "1-0"]
[WhiteElo "2293"]
[BlackElo "2182"]
[PlyCount "73"]
[EventDate "2008.03.24"]
[EventType "swiss"]
[EventRounds "7"]
[EventCountry "ESP"]
[SourceTitle "CBM 123 Extra"]
[Source "ChessBase"]
[SourceDate "2008.05.06"]
[SourceVersion "1"]
[SourceVersionDate "2008.05.06"]
[SourceQuality "1"]

1. Nf3 d5 2. d4 Nf6 3. c4 c6 4. Nc3 a6 5. e3 Bg4 6. cxd5 Nxd5 7. Be2 e6 8. 0-0 Be7 9. e4 Nxc3 10. bxc3 0-0 11. Rb1 b5 12. Ne5 Bxe2 13. Qxe2 Qc7 14. f4 Nd7 15. Kh1 c5 16. Be3 Rac8 17. Rbd1 cxd4 18. cxd4 Nf6 19. Bf2 Qc2 20. Qxc2 Rxc2 21. Bh4 Rxa2 22. Nc6 Ba3 23. Bxf6 gxf6 24. d5 exd5 25. exd5 Bd6 26. Nd4 Rd8 27. Nf5 b4 28. Rd3 Bxf4 29. d6 Rd7 30. Rd4 Bd2 31. Rd1 Bc3 32. Rc4 h5 33. Rc7 Rd8 34. Nh6+ Kg7 35. Nxf7 Re8 36. d7 Rd2 37. dxe8N+ 1-0

[Event "Euskadi-chT (Vasca) Div 1st"]
[Site "Euskadi"]
[Date "2008.03.08"]
[Round "9.2"]
[White "Agirretxe San Sebastian, Jesus Maria"]
[Black "Mombiela Martinez, Gonzalo"]
[Result "1/2-1/2"]
[WhiteElo "2182"]
[BlackElo "2108"]
[PlyCount "31"]
[EventDate "2008.01.12"]
[EventType "team-tourn"]
[EventRounds "9"]
[EventCountry "ESP"]
[SourceTitle "EXT 2024"]
[Source "ChessBase"]
[SourceDate "2023.10.10"]
[SourceVersion "1"]
[SourceVersionDate "2023.10.10"]
[SourceQuality "1"]

1. Nf3 d5 2. c4 e6 3. g3 c6 4. b3 f5 5. Bg2 Nf6 6. 0-0 Bd6 7. d4 0-0 8. Ba3 Bxa3 9. Nxa3 Nbd7 10. Nc2 Qe7 11. Nce1 b6 12. Nd3 Bb7 13. cxd5 exd5 14. Rc1 Rac8 15. Nfe5 Nxe5 16. Nxe5 1/2-1/2

[Event "Euskadi-chT (Vasca) Div 1st"]
[Site "Euskadi"]
[Date "2008.01.26"]
[Round "3.1"]
[White "Arnaez Gil, Juan Ignacio"]
[Black "Agirretxe San Sebastian, Jesus Maria"]
[Result "1/2-1/2"]
[WhiteElo "2225"]
[BlackElo "2182"]
[PlyCount "69"]
[EventDate "2008.01.12"]
[EventType "team-tourn"]
[EventRounds "9"]
[EventCountry "ESP"]
[SourceTitle "EXT 2024"]
[Source "ChessBase"]
[SourceDate "2023.10.10"]
[SourceVersion "1"]
[SourceVersionDate "2023.10.10"]
[SourceQuality "1"]

1. Nf3 d5 2. d4 Nf6 3. c4 c6 4. Nc3 a6 5. c5 Nbd7 6. Bf4 Nh5 7. Bd2 e5 8. Nxe5 Nxe5 9. dxe5 Bxc5 10. e4 g6 11. Be2 Ng7 12. exd5 cxd5 13. 0-0 0-0 14. Bh6 Re8 15. Qxd5 Qxd5 16. Nxd5 Rxe5 17. Bf3 Ne6 18. Rac1 Rb8 19. Rfd1 f5 20. Rxc5 Nxc5 21. Bf4 Nd3 22. Bxe5 Nxe5 23. Re1 Nxf3+ 24. gxf3 b5 25. Re8+ Kf7 26. Re7+ Kg8 27. Nf6+ Kf8 28. Rxh7 Rb6 29. Nd7+ Bxd7 30. Rxd7 a5 31. Ra7 a4 32. b3 axb3 33. axb3 b4 34. f4 Rd6 35. Rb7 1/2-1/2

[Event "Euskadi-ch"]
[Site "Zornotza"]
[Date "2007.04.13"]
[Round "4"]
[White "Perez de Miguel, Alvaro"]
[Black "Agirretxe San Sebastian, Jesus Maria"]
[Result "1-0"]
[WhiteElo "2084"]
[BlackElo "2149"]
[PlyCount "61"]
[EventDate "2007.04.10"]
[EventType "swiss"]
[EventRounds "7"]
[EventCountry "ESP"]
[SourceTitle "EXT 2008"]
[Source "ChessBase"]
[SourceDate "2007.11.25"]
[SourceVersion "1"]
[SourceVersionDate "2007.11.25"]
[SourceQuality "1"]

1. d4 d5 2. Nf3 c6 3. c4 Nf6 4. e3 Bf5 5. Nc3 e6 6. Nh4 Bg6 7. Nxg6 hxg6 8. Bd3 Bd6 9. Qe2 Nbd7 10. Bd2 Qe7 11. c5 Bc7 12. f4 b5 13. 0-0-0 a5 14. g4 b4 15. Na4 Ne4 16. g5 f5 17. gxf6 Ndxf6 18. Rdg1 Rh6 19. Be1 Kd7 20. Kb1 Qf7 21. h4 Rah8 22. Bxe4 Nxe4 23. Qa6 Rb8 24. Nb6+ Kd8 25. Qxa5 Qf5 26. Ka1 b3 27. a3 Qh5 28. Bb4 Qe2 29. Re1 Qc2 30. Qa7 Nd2 31. Rh2 1-0

[Event "Gipuzko-ch"]
[Site "Eibar"]
[Date "2006.11.18"]
[Round "5.6"]
[White "Agirretxe San Sebastian, Jesus Maria"]
[Black "De Andres Andres, Eugenio"]
[Result "1-0"]
[WhiteElo "2166"]
[BlackElo "2007"]
[PlyCount "41"]
[EventDate "2006.10.21"]
[EventType "swiss"]
[EventRounds "7"]
[EventCountry "ESP"]
[SourceTitle "EXT 2024"]
[Source "ChessBase"]
[SourceDate "2023.10.10"]
[SourceVersion "1"]
[SourceVersionDate "2023.10.10"]
[SourceQuality "1"]

1. d4 d5 2. Nc3 f5 3. g4 fxg4 4. h3 Nf6 5. Bg5 c6 6. Qd3 g6 7. hxg4 Bxg4 8. f3 Be6 9. Nh3 Bg7 10. Nf4 Bf7 11. e4 dxe4 12. fxe4 Nh5 13. Nxh5 gxh5 14. 0-0-0 Qa5 15. Rg1 Rg8 16. Bd2 Na6 17. e5 Bg6 18. Rxg6 hxg6 19. Qxg6+ Kd7 20. Bc4 Qb6 21. Qe6+ 1-0

[Event "Euskadi-ch"]
[Site "Amorebieta"]
[Date "2006.04.21"]
[Round "5"]
[White "Agirretxe San Sebastian, Jesus Maria"]
[Black "Bratu, Jorge"]
[Result "0-1"]
[WhiteElo "2192"]
[BlackElo "2023"]
[PlyCount "104"]
[EventDate "2006.04.18"]
[EventType "swiss"]
[EventRounds "7"]
[EventCountry "ESP"]
[SourceTitle "CBM 111 Extra"]
[Source "ChessBase"]
[SourceDate "2006.05.09"]
[SourceVersion "1"]
[SourceVersionDate "2006.05.09"]
[SourceQuality "1"]

1. d4 d5 2. c4 c6 3. cxd5 cxd5 4. Nc3 Nf6 5. Nf3 Nc6 6. Bf4 Bf5 7. e3 e6 8. Bb5 Nd7 9. Qb3 Qb6 10. 0-0 a6 11. Bxc6 bxc6 12. Qa4 Be7 13. Rfc1 0-0 14. Nd1 Rfc8 15. Rc3 Qb5 16. Qb3 Bb4 17. Rcc1 Be7 18. Qc3 c5 19. dxc5 Rxc5 20. Qd2 Rac8 21. Nc3 Qd3 22. Qe1 Bf6 23. Na4 Rc2 24. h3 R8c4 25. Rxc2 Qxc2 26. Rd1 Rxf4 27. Rc1 Qxa4 28. Rc8+ Nf8 29. exf4 Qxf4 30. Qa5 Be7 31. Qxa6 e5 32. Re8 Bc5 33. Qc6 Qc1+ 34. Kh2 e4 35. Nd2 e3 36. fxe3 Qc2 37. Qxd5 Be6 38. Qc6 Qf5 39. Nf3 Bd7 40. Qe4 Bd6+ 41. Kg1 Qc5 42. Rd8 Qc1+ 43. Kf2 Qxb2+ 44. Kg1 Qa1+ 45. Kf2 Qxa2+ 46. Kg1 Qa1+ 47. Kf2 Qb2+ 48. Kg1 Qc1+ 49. Kf2 Qb2+ 50. Kf1 Bb5+ 51. Kg1 Qc1+ 52. Kf2 Qf1# 0-1

[Event "Euskadi-ch"]
[Site "San Sebastian"]
[Date "2004.04.18"]
[Round "7"]
[White "Agirretxe San Sebastian, Jesus Maria"]
[Black "Gomez Esteban, Juan Mario"]
[Result "1/2-1/2"]
[WhiteElo "2155"]
[BlackElo "2450"]
[PlyCount "101"]
[EventDate "2004.04.13"]
[EventType "swiss"]
[EventRounds "7"]
[EventCountry "ESP"]
[SourceTitle "EXT 2006"]
[Source "ChessBase"]
[SourceDate "2005.11.24"]
[SourceVersion "1"]
[SourceVersionDate "2005.11.24"]
[SourceQuality "1"]

1. d4 Nf6 2. c4 e6 3. Nc3 Bb4 4. g3 0-0 5. Bg2 d5 6. cxd5 exd5 7. Nf3 c6 8. 0-0 Nbd7 9. a3 Bd6 10. b4 a6 11. Qb3 Qe7 12. Re1 Ne4 13. Nxe4 Qxe4 14. Bb2 Qg4 15. e4 dxe4 16. Ne5 Nxe5 17. dxe5 Be7 18. Bxe4 Be6 19. Qc2 Qh5 20. Bd4 Rfd8 21. Bb6 Rd7 22. Rad1 Rxd1 23. Qxd1 Qxd1 24. Rxd1 g6 25. f4 f6 26. exf6 Bxf6 27. Rd2 Re8 28. Kf2 Kf7 29. Bd4 Be7 30. Bb6 Bh3 31. Bb1 Be6 32. Be4 Bg4 33. Bc2 Bf6 34. Bb3+ Be6 35. Rd7+ Re7 36. Bxe6+ Kxe6 37. Rd3 Rd7 38. Rxd7 Kxd7 39. Ke3 Bb2 40. a4 Ba3 41. Ba5 h5 42. h3 Kd6 43. Ke4 Bb2 44. Bb6 Ke6 45. a5 Bc3 46. Bc5 Be1 47. g4 hxg4 48. hxg4 Bc3 49. Bf8 Kf7 50. Bc5 Ke6 51. Bf8 1/2-1/2

[Event "Euskadi-ch"]
[Site "San Sebastian"]
[Date "2004.04.15"]
[Round "6"]
[White "Agirretxe San Sebastian, Jesus Maria"]
[Black "Ayesta Perojo, Enrique"]
[Result "1/2-1/2"]
[WhiteElo "2097"]
[BlackElo "2069"]
[PlyCount "48"]
[EventDate "2004.04.13"]
[EventType "swiss"]
[EventRounds "7"]
[EventCountry "ESP"]
[SourceTitle "EXT 2006"]
[Source "ChessBase"]
[SourceDate "2005.11.24"]
[SourceVersion "1"]
[SourceVersionDate "2005.11.24"]
[SourceQuality "1"]

1. d4 Nf6 2. c4 c5 3. d5 b5 4. cxb5 a6 5. bxa6 Bxa6 6. Nc3 d6 7. Nf3 g6 8. e4 Bxf1 9. Kxf1 Bg7 10. g3 0-0 11. Kg2 Nbd7 12. Re1 Ra6 13. e5 dxe5 14. Nxe5 Nxe5 15. Rxe5 Rd6 16. Bf4 e6 17. Re2 Rd7 18. Be3 Nxd5 19. Nxd5 Rxd5 20. Qc2 Qa8 21. Kg1 Rb8 22. Qc1 Qb7 23. Rb1 Qa6 24. Rc2 Bf8 1/2-1/2

[Event "Euskadi-ch"]
[Site "San Sebastian"]
[Date "2004.04.14"]
[Round "3"]
[White "Fernandez Hernandez, Gerardo"]
[Black "Agirretxe San Sebastian, Jesus Maria"]
[Result "1-0"]
[WhiteElo "2228"]
[BlackElo "2097"]
[PlyCount "43"]
[EventDate "2004.04.13"]
[EventType "swiss"]
[EventRounds "7"]
[EventCountry "ESP"]
[SourceTitle "EXT 2006"]
[Source "ChessBase"]
[SourceDate "2005.11.24"]
[SourceVersion "1"]
[SourceVersionDate "2005.11.24"]
[SourceQuality "1"]

1. e4 c5 2. d3 e6 3. g3 Nc6 4. Bg2 d5 5. Nd2 g6 6. Ngf3 Bg7 7. 0-0 Nge7 8. exd5 exd5 9. d4 cxd4 10. Nb3 Qb6 11. Re1 0-0 12. Nfxd4 Bxd4 13. Nxd4 Qxd4 14. Qxd4 Nxd4 15. Rxe7 Nxc2 16. Rb1 Bf5 17. Bh6 Rfe8 18. Rxb7 Ne1 19. Bxd5 Nf3+ 20. Kg2 Bxb1 21. Rxf7 Ne1+ 22. Kf1 1-0